<?xml version="1.0" encoding="UTF-8"?>
<record
    xmlns:xsi="http://www.w3.org/2001/XMLSchema-instance"
    xsi:schemaLocation="http://www.loc.gov/MARC21/slim http://www.loc.gov/standards/marcxml/schema/MARC21slim.xsd"
    xmlns="http://www.loc.gov/MARC21/slim">

  <leader>01106nam a22002537a 4500</leader>
  <controlfield tag="001">53855</controlfield>
  <controlfield tag="003">BD-RjUL</controlfield>
  <controlfield tag="005">20211209080031.0</controlfield>
  <controlfield tag="008">161027s1953    bg ||||| |||| 00| 0 ben d</controlfield>
  <datafield tag="020" ind1=" " ind2=" ">
    <subfield code="c">: TK 9.00 </subfield>
  </datafield>
  <datafield tag="035" ind1=" " ind2=" ">
    <subfield code="a">(BD-RjUL)53977</subfield>
  </datafield>
  <datafield tag="040" ind1=" " ind2=" ">
    <subfield code="a">BD-RjUL</subfield>
    <subfield code="b">ben </subfield>
    <subfield code="c">BD-RjUL</subfield>
  </datafield>
  <datafield tag="041" ind1=" " ind2=" ">
    <subfield code="a">ben </subfield>
  </datafield>
  <datafield tag="082" ind1=" " ind2=" ">
    <subfield code="2">23 </subfield>
    <subfield code="a">509 </subfield>
    <subfield code="b">ALB 1952-1953  </subfield>
  </datafield>
  <datafield tag="100" ind1=" " ind2=" ">
    <subfield code="a">&#x986;&#x9B2;&#x9C0;, &#x98F;&#x9AE;. &#x986;&#x995;&#x9AC;&#x9B0; </subfield>
    <subfield code="9">135995</subfield>
  </datafield>
  <datafield tag="245" ind1="1" ind2="0">
    <subfield code="a">&#x9AC;&#x9BF;&#x99C;&#x9CD;&#x99E;&#x9BE;&#x9A8;&#x9C7; &#x9AE;&#x9C1;&#x9B8;&#x9B2;&#x9AE;&#x9BE;&#x9A8;&#x9C7;&#x9B0; &#x9A6;&#x9BE;&#x9A8; / </subfield>
    <subfield code="c">&#x98F;&#x9AE;. &#x986;&#x995;&#x9AC;&#x9B0; &#x986;&#x9B2;&#x9C0; </subfield>
  </datafield>
  <datafield tag="250" ind1=" " ind2=" ">
    <subfield code="a">&#x9E8;&#x9AF;&#x9BC; &#x9B8;&#x982;. </subfield>
  </datafield>
  <datafield tag="260" ind1=" " ind2=" ">
    <subfield code="a">&#x9A2;&#x9BE;&#x995;&#x9BE; :</subfield>
    <subfield code="b">&#x9AE;&#x9BE;&#x9B2;&#x9BF;&#x995; &#x9B2;&#x9BE;&#x987;&#x9AC;&#x9CD;&#x9B0;&#x9C7;&#x9B0;&#x9C0;, </subfield>
    <subfield code="c">&#x9E7;&#x9EF;&#x9EB;&#x9E8;-&#x9E7;&#x9EF;&#x9EB;&#x9E9; </subfield>
  </datafield>
  <datafield tag="300" ind1=" " ind2=" ">
    <subfield code="a"> &#x996;&#x9A3;&#x9CD;&#x9A1; ; </subfield>
    <subfield code="c">&#x9E8;&#x9E7; &#x9B8;&#x9C7;&#x9AE;&#x9BF;. </subfield>
  </datafield>
  <datafield tag="505" ind1="0" ind2=" ">
    <subfield code="a">&#x996;&#x9A3;&#x9CD;&#x9A1; &#x9E7;, &#x985;&#x999;&#x9CD;&#x995;&#x9B6;&#x9BE;&#x9B8;&#x9CD;&#x9A4;&#x9CD;&#x9B0; &#x9A6;&#x9B6;&#x9AE; &#x9B6;&#x9A4;&#x9BE;&#x9AC;&#x9CD;&#x9A6;&#x9C0; &#x9AA;&#x9B0;&#x9CD;&#x9AF;&#x9A8;&#x9CD;&#x9A4; -- &#x996;&#x9A3;&#x9CD;&#x9A1; &#x9E8; &#x985;&#x999;&#x9CD;&#x995;&#x9B6;&#x9BE;&#x9B8;&#x9CD;&#x9A4;&#x9CD;&#x9B0; --  &#x996;&#x9A3;&#x9CD;&#x9A1; &#x9E9; &#x985;&#x999;&#x9CD;&#x995;&#x9B6;&#x9BE;&#x9B8;&#x9CD;&#x9A4;&#x9CD;&#x9B0;-&#x9B6;&#x9C7;&#x9B7; &#x985;&#x9A7;&#x9CD;&#x9AF;&#x9BE;&#x9AF;&#x9BC; --  </subfield>
  </datafield>
  <datafield tag="650" ind1=" " ind2=" ">
    <subfield code="a">&#x987;&#x9B8;&#x9B2;&#x9BE;&#x9AE; &#x993; &#x9AC;&#x9BF;&#x99C;&#x9CD;&#x99E;&#x9BE;&#x9A8; </subfield>
    <subfield code="9">135996</subfield>
  </datafield>
  <datafield tag="650" ind1=" " ind2=" ">
    <subfield code="a">Islam and science</subfield>
    <subfield code="9">135997</subfield>
  </datafield>
  <datafield tag="942" ind1=" " ind2=" ">
    <subfield code="2">ddc</subfield>
    <subfield code="c">BK</subfield>
  </datafield>
  <datafield tag="999" ind1=" " ind2=" ">
    <subfield code="c">53855</subfield>
    <subfield code="d">53855</subfield>
  </datafield>
  <datafield tag="952" ind1=" " ind2=" ">
    <subfield code="0">0</subfield>
    <subfield code="1">0</subfield>
    <subfield code="2">ddc</subfield>
    <subfield code="4">0</subfield>
    <subfield code="7">0</subfield>
    <subfield code="8">NFIC</subfield>
    <subfield code="a">RUCL</subfield>
    <subfield code="b">RUCL</subfield>
    <subfield code="c">Stack</subfield>
    <subfield code="d">1970-06-27</subfield>
    <subfield code="e">Pakistani law house</subfield>
    <subfield code="g">9.00</subfield>
    <subfield code="l">0</subfield>
    <subfield code="o">B 509  ALB V-2 1953</subfield>
    <subfield code="r">2016-10-27 00:00:00</subfield>
    <subfield code="t">C-2</subfield>
    <subfield code="w">2016-10-27</subfield>
    <subfield code="y">BK</subfield>
  </datafield>
  <datafield tag="952" ind1=" " ind2=" ">
    <subfield code="0">0</subfield>
    <subfield code="1">0</subfield>
    <subfield code="2">ddc</subfield>
    <subfield code="4">0</subfield>
    <subfield code="7">0</subfield>
    <subfield code="8">NFIC</subfield>
    <subfield code="a">RUCL</subfield>
    <subfield code="b">RUCL</subfield>
    <subfield code="c">Stack</subfield>
    <subfield code="d">1955-11-22</subfield>
    <subfield code="e">Faruk Library, Rajshahi</subfield>
    <subfield code="g">6.40</subfield>
    <subfield code="l">0</subfield>
    <subfield code="o">B 509  ALB V-1 1952</subfield>
    <subfield code="r">2016-10-27 00:00:00</subfield>
    <subfield code="t">C-2</subfield>
    <subfield code="w">2016-10-27</subfield>
    <subfield code="y">BK</subfield>
  </datafield>
  <datafield tag="952" ind1=" " ind2=" ">
    <subfield code="0">0</subfield>
    <subfield code="1">0</subfield>
    <subfield code="2">ddc</subfield>
    <subfield code="4">0</subfield>
    <subfield code="7">1</subfield>
    <subfield code="8">NFIC</subfield>
    <subfield code="a">RUCL</subfield>
    <subfield code="b">RUCL</subfield>
    <subfield code="c">Reading</subfield>
    <subfield code="d">1970-06-27</subfield>
    <subfield code="e">N/A</subfield>
    <subfield code="g">9.00</subfield>
    <subfield code="l">0</subfield>
    <subfield code="o">B 509  ALB V-3 1954</subfield>
    <subfield code="r">2016-12-05 00:00:00</subfield>
    <subfield code="t">C-1</subfield>
    <subfield code="w">2016-12-05</subfield>
    <subfield code="y">BK</subfield>
  </datafield>
  <datafield tag="952" ind1=" " ind2=" ">
    <subfield code="0">0</subfield>
    <subfield code="1">0</subfield>
    <subfield code="2">ddc</subfield>
    <subfield code="4">0</subfield>
    <subfield code="7">1</subfield>
    <subfield code="8">NFIC</subfield>
    <subfield code="a">RUCL</subfield>
    <subfield code="b">RUCL</subfield>
    <subfield code="c">Reading</subfield>
    <subfield code="d">1955-11-25</subfield>
    <subfield code="e">Faruk Library, Rajshahi</subfield>
    <subfield code="g">5.00</subfield>
    <subfield code="l">0</subfield>
    <subfield code="o">B 509  ALB V-2 1953</subfield>
    <subfield code="r">2017-04-06 00:00:00</subfield>
    <subfield code="t">C-1</subfield>
    <subfield code="w">2021-12-09</subfield>
    <subfield code="y">BK</subfield>
  </datafield>
  <datafield tag="952" ind1=" " ind2=" ">
    <subfield code="0">0</subfield>
    <subfield code="1">0</subfield>
    <subfield code="2">ddc</subfield>
    <subfield code="4">0</subfield>
    <subfield code="7">0</subfield>
    <subfield code="8">NFIC</subfield>
    <subfield code="a">RUCL</subfield>
    <subfield code="b">RUCL</subfield>
    <subfield code="c">Stack</subfield>
    <subfield code="d">1955-11-25</subfield>
    <subfield code="e">Faruk Library, Rajshahi</subfield>
    <subfield code="g">5.80</subfield>
    <subfield code="l">0</subfield>
    <subfield code="o">B 509  ALB V-3 1954</subfield>
    <subfield code="r">2017-04-06 00:00:00</subfield>
    <subfield code="t">C-2</subfield>
    <subfield code="w">2017-04-06</subfield>
    <subfield code="y">BK</subfield>
  </datafield>
</record>
